Суперпамять (Запись № 1104150)

Подробности
000 -МАРКЕР
контрольное поле 01470nam0a2200325 4500
001 - ИДЕНТИФИКАТОР ЗАПИСИ
контрольное поле RU\NLR\bibl\194434
005 - ИДЕНТИФИКАТОР ВЕРСИИ
контрольное поле 20250619090958.0
035 ## - ДРУГИЕ СИСТЕМНЫЕ НОМЕРА
Идентификатор записи (NLR Aleph) 000190921
100 ## - ДАННЫЕ ОБЩЕЙ ОБРАБОТКИ
Данные общей обработки 20011019d1991 |||y0rusy50 ca
101 0# - ЯЗЫК РЕСУРСА
Язык текста, звукозаписи и т.д. русский
102 ## - СТРАНА ПУБЛИКАЦИИ ИЛИ ПРОИЗВОДСТВА
Страна публикации российская федерация
105 ## - ПОЛЕ КОДИРОВАННЫХ ДАННЫХ: ТЕКСТОВЫЕ МАТЕРИАЛЫ, МОНОГРАФИЧЕСКИЕ
Кодированные данные о монографическом текстовом документе y |||||||||
200 1# - ЗАГЛАВИЕ И СВЕДЕНИЯ ОБ ОТВЕТСТВЕННОСТИ
Основное заглавие Суперпамять
Сведения, относящиеся к заглавию Древнее искусство мнемотехники
Первые сведения об ответственности Ю.Р. Шейх-Заде
Последующие сведения об ответственности Межрегион. ассоц. делового сотрудничества "Знание", Фирма "Дел-Центр"
210 ## - ПУБЛИКАЦИЯ, РАСПРОСТРАНЕНИЕ И ДР.
Место издания, распространения и т.д. Краснодар
Имя издателя, распространителя и т. д. Межрегион. ассоц. делового сотрудничества "Знание"
-- Фирма "Дел-Центр"
Дата издания, распространения и т.д. 1991
215 ## - ФИЗИЧЕСКАЯ ХАРАКТЕРИСТИКА
Специфическое обозначение материала и объем 20,[1] с.
Размеры 20
300 ## - ОБЩИЕ ПРИМЕЧАНИЯ
Текст примечания Загл. обл.: Суперпамять: древняя методика мнемотехники
300 ## - ОБЩИЕ ПРИМЕЧАНИЯ
Текст примечания На 2-й с . авт.: Д.м.н. Ю.Р. Шейх-Заде
512 0# - ЗАГЛАВИЕ ОБЛОЖКИ
Заглавие обложки Суперпамять: древняя методика мнемотехники
606 0# - НАИМЕНОВАНИЕ ТЕМЫ КАК ПРЕДМЕТ
Наименование темы Память
Тематический подзаголовок Развитие
Системный номер авторитетной/нормативной записи 1814920
Идентификатор авторитетной/нормативной записи RU\NLR\auth\66819162
686 ## - ИНДЕКСЫ ДРУГИХ КЛАССИФИКАЦИЙ
Индекс Ю935.12
700 #1 - ИМЯ ЛИЦА - ПЕРВИЧНАЯ ОТВЕТСТВЕННОСТЬ
Начальный элемент ввода Шейх-Заде
Часть имени, кроме начального элемента ввода Ю. Р.
Расширение инициалов личного имени Юрий Решадович
Код отношения Автор
801 #0 - ИСТОЧНИК ЗАПИСИ
Страна российская федерация
Организация NLR
Дата составления 20011019
Правила каталогизации PSBO
801 #1 - ИСТОЧНИК ЗАПИСИ
Страна российская федерация
Организация NLR
Дата составления 20011019
830 ## - ОБЩЕЕ ПРИМЕЧАНИЕ, СОСТАВЛЕННОЕ КАТАЛОГИЗАТОРОМ
Текст примечания Авт. раскрыт по ГАК
852 ## - МЕСТОНАХОЖДЕНИЕ И ШИФР ХРАНЕНИЯ
Идентификатор организации NLR
Шифр хранения (Call Number) 2000-4/5339
942 ## - ДОПОЛНИТЕЛЬНЫЕ ЭЛЕМЕНТЫ ЗАПИСИ (АБИС)
Тип экземпляра АБИС Книга
980 ## - КОЛЛЕКЦИЯ
Название коллекции Национальная библиография
Экземпляры
Тип экземпляра Дата поступления Источник поступления Библиотека постоянного хранения Библиотека текущего хранения Место хранения Шифр хранения Штрих-код Статус не для выдачи
Книга 21.02.2002 Дар РНБ (Московский) РНБ (Московский) Русский книжный фонд: издания с 1957 года, 8этаж 2000-4/5339 1-2230973  
Книга 17.08.2022 Дар РНБ (Московский) РНБ (Московский) Русский книжный фонд: издания с 1957 года, 8этаж 2000-4/5339 1-3813738